01049nam a2200241 a 4500001001000000003000500010005001700015008004100032010001100073011001100084040000900095100004700104245024300151260004100394500006000435502008500495650004900580650002500629650003500654700003200689856001600721856007000737000114541CHAP20220329144445.0180302s2017 mx a fsm |||||||spa d a111002 a111974 cCHAP1 aCastillo Herrera, María de los Ángeles10aImplementación de paquetes tecnológicos para el mejoramiento de la producción de cebada maltera en el municipio de Villa de Arriaga, S. L. P. /h[En línea]cpor María de los Angeles Castillo Herrera y Luis Enrique Zavala Castro. aChapingo, Méx. :bEl autor,c2017. aPara ver el contenido del material haga clic en la liga aTesis (Ing. Agroindustrial) -- UACH. Departamento de Ingeniería Agroindustrial14aCebada malteraxMercadeozSan Luis Potosí.14aCebadaxRendimiento.14aOrganización de productores.1 aZavala Castro, Luis Enrique a1 n0001414 aFinding aiduhttp://10.13.5.2/tesis/sist114541.pdfzTeclea aquí